Teritóriá a migrácie jelenej zveri

Podrobná bibliografia
Hlavný autor: Finďo, Slavomír (Autor)
Médium: Článok
Jazyk:slovenčina
Fyzický popis:Obr., tab.
ISSN:0231-8768
Predmet:

MARC

LEADER 00000nab a2200000 a 4500
001 vtls000855239
003 SK-MaSNL
005 20260304125004.0
008 250429c2003 xo 0 slo
015 |a SNBRB2003/12-34964 
035 |a CLN000206894 
035 |a urn:nbn:sk:snk-aberrb 
035 |a (urnnbn)urn:nbn:sk:snk:ar-006z9v 
035 |a (uuid)f38d0114-5c06-4a31-94c0-7d77e9d53d6b 
040 |a SNKBUCL  |b slo  |c SNKBUCL  |e AACR2 
041 0 |a slo 
044 |a xo  |c SK 
080 |a 639.111.1(437.6):591.522  |2 1997 
080 |a 599.735.3(437.6):591.522  |2 1997 
080 |a 591.522(437.6)  |2 1997 
100 1 |a Finďo, Slavomír  |4 aut  |9 207023 
245 1 0 |a Teritóriá a migrácie jelenej zveri  |c Slavomír Finďo 
300 |b Obr., tab. 
650 0 7 |a jelenia zver  |2 snkbucl  |9 2770 
650 0 7 |a migrácia živočíchov  |2 snkbucl  |9 31835 
651 7 |a Nízke Tatry (Slovensko : pohorie)  |2 snkbucl  |9 173011 
655 7 |a články z novín a časopisov  |2 snkbucl  |9 267496 
773 0 |t Poľovníctvo a rybárstvo  |g Roč. 55, č. 9 (2003), s. 6-7  |x 0231-8768 
850 |a Slovenská národná knižnica 
852 |a Slovenská národná knižnica 
958 |a article27 
958 |a OND 
958 |a SK 
992 |a RBX 
999 |c 2892811  |d 2894741